000 00874nam a22002297a 4500
008 090318t xxu||||| |||| 00| 0 eng d
010 _aENG-93237
020 _c80.00
_a8190367420
035 _aEN-76770
037 _bDBAD / PUB
040 _adpl
_bEnglish
082 _a635.8
100 _aThiyagarajan, V.
245 _aMushroom technology /
_cby V. Thiyagarajan
260 _c2007
_aChidambaram
_bOm Sakthi Patipagam
270 _a31, Annamalai University, Teacher's Association Nagar, Sivapuri, B.O. Annamalai Nagar
_bChidambaram
_e2
300 _a114p.
_c20cm (pbk)
500 _aIncludes references
650 _aMushroom culture.
942 _2ddc
_cEN
_mTHI
_h635.8
999 _c25333
_d25333